La familia / (Record no. 109261)

MARC details
000 -LEADER
campo de control de longitud fija 00570nam a2200181 i 4500
001 - NÚMERO DE CONTROL
campo de control 109261
003 - IDENTIFICADOR DE NÚMERO DE CONTROL
campo de control ES-MaACL
005 - FECHA Y HORA DE LA ÚLTIMA TRANSACCIÓN
campo de control 20230906184817.0
007 - CAMPO FIJO DE DESCRIPCIÓN FÍSICA--INFORMACIÓN GENERAL
campo de control de longitud fija t|
008 - DATOS DE LONGITUD FIJA--INFORMACIÓN GENERAL
campo de control de longitud fija 061121s1930 sp |||| | spa d
100 1# - ENTRADA PRINCIPAL--NOMBRE DE PERSONA
Nombre de persona Müller-Lyer, F.
9 (RLIN) 84045
245 13 - MENCIÓN DEL TÍTULO
Título La familia /
Mención de responsabilidad, etc. F. Müller-Lyer ; traducción de la edición alemana por Ramón de la Serna.
260 ## - PUBLICACIÓN, DISTRIBUCIÓN, ETC.
Lugar de publicación, distribución, etc. Madrid :
Nombre del editor, distribuidor, etc. Revista de Occidente,
Fecha de publicación, distribución, etc. [1930] (
Fabricante Galo Sáez)
300 ## - DESCRIPCIÓN FÍSICA
Extensión 398 p. ;
Dimensiones 23 cm.
650 #4 - PUNTO DE ACCESO ADICIONAL DE MATERIA--TÉRMINO DE MATERIA
Término de materia o nombre geográfico como elemento de entrada Familias.
9 (RLIN) 153905
700 1# - ENTRADA AGREGADA--NOMBRE PERSONAL
Nombre de persona Serna y Espina, Ramón de la.
9 (RLIN) 105587
852 ## - LOCALIZACIÓN
Ubicación ES-MaACL
Número de control de estantería A-1496
Holdings
Estatus retirado Estado de pérdida Estado de daño No para préstamo Biblioteca de origen Biblioteca actual Ubicación en estantería Fecha de adquisición Fuente de adquisición Total de préstamos Signatura topográfica completa Código de barras Visto por última vez Precio de reemplazo Tipo de ítem Koha
        Biblioteca del Ateneo de Madrid Biblioteca del Ateneo de Madrid Sala Pecera Planta 1 17/01/2008     A-1496 1114006 23/02/2023 23/02/2023 Libro impreso